[Event "ICS rated blitz match"]
[Site "204.178.125.65"]
[Date "1999.12.08"]
[Round "?"]
[White "Hossa"]
[Black "PostModernist"]
[Result "1-0"]
[WhiteElo "2520"]
[BlackElo "2662"]
[PlyCount "131"]

1. e4 c5 2. Nf3 d6 3. d4 Nf6 4. Nc3 cxd4 5. Nxd4 Nc6 6. Bg5 Qa5 7. Bb5 Bd7 8.
Nb3 Qd8 9. O-O e6 10. Qd2 a6 11. Be2 Qc7 12. Rad1 O-O-O 13. Rfe1 Be7 14. Nd4 h6
15. Be3 Ne5 16. Bf4 Kb8 17. Nf3 Bc6 18. Qe3 Neg4 19. Qd3 e5 20. Bg3 Qb6 21. Nd2
h5 22. Nc4 Qa7 23. h4 g6 24. Na5 Bd7 25. Kf1 Be6 26. Nc4 Rc8 27. Nd2 Rc7 28.
Kg1 Rd8 29. Nb3 Bc4 30. Qd2 Rg8 31. Bxc4 Rxc4 32. Kh1 Rh8 33. f3 Nh6 34. Bf2
Qa8 35. Re3 Kc8 36. Rd3 Rc7 37. Na5 Kb8 38. Rxd6 Bxd6 39. Qxd6 Nd7 40. Nd5 Rhc8
41. Nxc7 Rxc7 42. Qe7 b6 43. Qd8+ Rc8 44. Rxd7 Rxd8 45. Rxd8+ Kc7 46. Rxa8 bxa5
47. Rh8 Ng4 48. fxg4 hxg4 49. Rh7 Kd7 50. Rxf7+ Ke8 51. Rh7 Kf8 52. Kh2 Kg8 53.
Rd7 a4 54. Kg3 a3 55. Kxg4 axb2 56. Rb7 a5 57. Rxb2 a4 58. Rb7 Kf8 59. Kg5 Ke8
60. Rc7 Kd8 61. Bb6 Ke8 62. Kf6 g5 63. hxg5 Kd8 64. Ke6 a3 65. Rc6+ Ke8 66.
Rc8# 1-0

[Event "ICS rated blitz match"]
[Site "204.178.125.65"]
[Date "1999.12.08"]
[Round "?"]
[White "PostModernist"]
[Black "Hossa"]
[Result "1-0"]
[WhiteElo "2640"]
[BlackElo "2542"]
[PlyCount "133"]

1. e4 c5 2. Nf3 e6 3. d4 cxd4 4. Nxd4 Nf6 5. Nc3 d6 6. f4 e5 7. Nf3 exf4 8.
Bxf4 Qb6 9. Bb5+ Bd7 10. Qd3 Bxb5 11. Qxb5+ Qxb5 12. Nxb5 Na6 13. O-O-O Nxe4
14. Rhe1 f5 15. Ng5 Kd7 16. Nxe4 fxe4 17. Nxd6 Kc6 18. Nf7 Rg8 19. Rxe4 Nc5 20.
Re3 a5 21. Rh3 h6 22. Rg3 g5 23. Be3 Ne4 24. Rh3 Bg7 25. Bd4 Bxd4 26. Rxd4 Rae8
27. Rxh6+ Kc5 28. c3 Re7 29. Nd6 Nxd6 30. Rhxd6 a4 31. R4d5+ Kc4 32. Rf5 Re4
33. Rd2 a3 34. bxa3 Rh8 35. Rxg5 Rxh2 36. Kb2 b5 37. Kc2 Rh1 38. Rgd5 Rhe1 39.
R2d4+ Rxd4 40. Rxd4+ Kc5 41. g4 Ra1 42. Kb2 Rg1 43. a4 bxa4 44. Rxa4 Kd5 45.
Rd4+ Ke5 46. a4 Kf6 47. a5 Kg5 48. a6 Re1 49. a7 Re8 50. Ra4 Ra8 51. Kb3 Kf6
52. Kb4 Kg5 53. Kc5 Kf6 54. Kb6 Kg6 55. Ra5 Kf6 56. Kc7 Re8 57. a8=Q Rxa8 58.
Rxa8 Ke5 59. Rf8 Ke4 60. g5 Kd3 61. g6 Ke4 62. g7 Ke3 63. g8=Q Ke2 64. Qc4+ Ke3
65. Qd4+ Ke2 66. Rf2+ Ke1 67. Qd2# 1-0

[Event "ICS rated blitz match"]
[Site "204.178.125.65"]
[Date "1999.12.08"]
[Round "?"]
[White "Hossa"]
[Black "SuperChicken"]
[Result "0-1"]
[WhiteElo "2530"]
[BlackElo "2630"]
[PlyCount "88"]

1. e4 e5 2. f4 exf4 3. Nf3 g5 4. h4 g4 5. Ne5 Nf6 6. Bc4 d5 7. exd5 Bd6 8. d4
Nh5 9. Bb5+ c6 10. dxc6 bxc6 11. Nxc6 Nxc6 12. Bxc6+ Kf8 13. Bxa8 Ng3 14. Rh2
Ba6 15. Bd5 Qe7+ 16. Kf2 Ne2 17. c4 g3+ 18. Kf3 gxh2 19. g4 Qxh4 20. Kxe2 Bxc4+
21. Bxc4 Qxg4+ 22. Kd2 Qxd1+ 23. Kxd1 h1=Q+ 24. Kc2 Qe4+ 25. Bd3 Qxd4 26. Bd2
h5 27. Bc3 Qa4+ 28. b3 Qc6 29. Bb5 Qc5 30. b4 Qc7 31. Kd3 Rg8 32. a4 Rg3+ 33.
Kd2 Be5 34. Ra3 Qd6+ 35. Ke2 f3+ 36. Ke3 Bf4+ 37. Ke4 f2 38. Bd4 Qg6+ 39. Kxf4
Qg5+ 40. Ke4 Rg4+ 41. Kd3 f1=Q+ 42. Kc3 Qgc1+ 43. Kb3 Qfd1+ 44. Ka2 Qxb1# 0-1

[Event "ICS rated blitz match"]
[Site "204.178.125.65"]
[Date "1999.12.08"]
[Round "?"]
[White "Hossa"]
[Black "PostModernist"]
[Result "0-1"]
[WhiteElo "2518"]
[BlackElo "2651"]
[PlyCount "204"]

1. e4 c5 2. Nf3 d6 3. d4 Nf6 4. Nc3 cxd4 5. Nxd4 Nc6 6. Bg5 Bd7 7. Qd2 Rc8 8.
Be2 Nxd4 9. Qxd4 Qa5 10. Be3 a6 11. O-O e5 12. Qd3 Be7 13. Rfd1 O-O 14. Bg5 Qb6
15. Rab1 Rc6 16. Nd5 Qd8 17. Bxf6 Bxf6 18. Qb3 Bc8 19. Rd3 Be6 20. Rbd1 Bg5 21.
c3 Qd7 22. Bh5 Rfc8 23. Kh1 b5 24. Kg1 Qd8 25. Qa3 a5 26. Qb3 Rc5 27. a3 a4 28.
Qa2 Bh4 29. Bf3 Qg5 30. g3 Qg6 31. Bg2 Bd8 32. f3 R5c6 33. Qb1 Bxd5 34. Rxd5
Bb6+ 35. Kh1 Bc5 36. Qd3 Rb8 37. Bh3 Rb7 38. Rd2 Qh6 39. Bg4 g6 40. Qe2 Qg7 41.
Bh3 Rcc7 42. Bg2 Qh6 43. Rd1 Rb6 44. Qf1 Qg7 45. Qd3 Rb8 46. Qd2 Ra7 47. Bf1 f6
48. Bh3 Re7 49. Qe2 Rbb7 50. Bc8 Rb6 51. Qd3 Qf8 52. Bh3 Rbb7 53. Qf1 Rb8 54.
Qg2 Rb6 55. Qe2 f5 56. exf5 gxf5 57. Bg2 f4 58. g4 Kh8 59. Qd3 Rg7 60. Qf5 Qxf5
61. gxf5 Rb8 62. R5d2 Kg8 63. Bh3 Kf7 64. Rg2 Rbg8 65. Rdd2 Kf6 66. Rxg7 Rxg7
67. Rd1 h5 68. Rf1 d5 69. Rd1 e4 70. Bg2 e3 71. Re1 Kxf5 72. Bf1 Rb7 73. Rb1
Ke5 74. Be2 Rb6 75. Rg1 Be7 76. Rg8 Bf6 77. Re8+ Kd6 78. Ra8 d4 79. cxd4 h4 80.
Rg8 Bxd4 81. Rd8+ Kc5 82. Rc8+ Rc6 83. Rb8 h3 84. Bxb5 Rb6 85. Rxb6 Kxb6 86.
Bc4 Kc5 87. Bf1 Bxb2 88. Kg1 Bxa3 89. Bxh3 Kd4 90. Bd7 Bb4 91. Kf1 a3 92. Be6
Kd3 93. Kg2 e2 94. Bf7 e1=Q 95. Kh3 Qa1 96. Bg6+ Ke3 97. Bf5 a2 98. Bg4 Qh8+
99. Kg2 a1=Q 100. Be6 Qab2+ 101. Kg1 Qhxh2+ 102. Kf1 Qbe2# 0-1

[Event "ICS rated blitz match"]
[Site "204.178.125.65"]
[Date "1999.12.08"]
[Round "?"]
[White "PostModernist"]
[Black "Hossa"]
[Result "1-0"]
[WhiteElo "2661"]
[BlackElo "2508"]
[PlyCount "113"]

1. e4 e5 2. Nf3 Nc6 3. Bb5 a6 4. Ba4 Nf6 5. O-O Be7 6. d3 b5 7. Bb3 d6 8. a4 b4
9. Nbd2 Bg4 10. Bc4 O-O 11. Nb3 d5 12. exd5 Nxd5 13. a5 Qd6 14. Re1 Rfd8 15. h3
Bh5 16. Qe2 f6 17. Be3 Kh8 18. Bc5 Nf4 19. Qe4 Qd7 20. Nh4 Bd6 21. Be3 Ne2+ 22.
Rxe2 Bxe2 23. Bd5 Nxa5 24. Nxa5 Rac8 25. Bb7 Rb8 26. Ba7 Bh5 27. Bxb8 Rxb8 28.
Bxa6 c5 29. Bc4 Rf8 30. Nc6 Rc8 31. Ra7 Qe8 32. Nf5 Bg6 33. Nxd6 Bxe4 34. Nxe8
Bxc6 35. Nd6 Rf8 36. Ra6 Bxg2 37. Kxg2 h5 38. Ne4 Rc8 39. Be6 Rc7 40. Bf5 Kg8
41. Ra8+ Kf7 42. Nd6+ Ke7 43. Ne8 Rb7 44. Nxg7 h4 45. Bc8 Rc7 46. Nf5+ Kf7 47.
Nxh4 c4 48. Ba6 c3 49. bxc3 Rxc3 50. Bc4+ Kg7 51. Ra7+ Kh6 52. Nf5+ Kg5 53. Be6
Rc7 54. Rxc7 e4 55. Rg7+ Kf4 56. Rg4+ Ke5 57. Rxe4# 1-0

[Event "ICS rated blitz match"]
[Site "204.178.125.65"]
[Date "1999.12.08"]
[Round "?"]
[White "MissSilicon"]
[Black "Hossa"]
[Result "0-1"]
[WhiteElo "2725"]
[BlackElo "2499"]
[PlyCount "112"]

1. e4 e5 2. Nf3 Nc6 3. Bc4 Bc5 4. c3 Nf6 5. d4 exd4 6. cxd4 Bb4+ 7. Bd2 Bxd2+
8. Nbxd2 d5 9. exd5 Nxd5 10. Qb3 Nce7 11. O-O O-O 12. Rfe1 c6 13. a4 Qb6 14. a5
Qxb3 15. Nxb3 Rd8 16. Ne5 Rb8 17. Rac1 Bf5 18. g4 Be6 19. Nc5 Rd6 20. Ne4 Rdd8
21. Ng5 h6 22. Nxe6 fxe6 23. Nd3 Rd6 24. Nc5 Kf7 25. h4 b6 26. axb6 axb6 27.
Ne4 Rd7 28. Nd2 Nf4 29. Nf3 Kf6 30. Re4 g5 31. b4 Rbd8 32. b5 Rd6 33. bxc6 Nxc6
34. Rd1 Rc8 35. hxg5+ hxg5 36. Rd2 Na5 37. Ba6 Rc3 38. Re3 Rc1+ 39. Kh2 Nc6 40.
Be2 Rd8 41. Bd1 b5 42. Re4 Rh8+ 43. Kg1 Ra8 44. Ne5 Raa1 45. Kh2 Na5 46. Bf3
Nc4 47. Nxc4 bxc4 48. d5 c3 49. Rdd4 exd5 50. Re8 c2 51. Rc8 Ra7 52. Rc6+ Ke5
53. Rxf4 Rh7+ 54. Kg2 gxf4 55. Bxd5 Kxd5 56. Rc8 Rf7 0-1

[Event "ICS rated blitz match"]
[Site "204.178.125.65"]
[Date "1999.12.08"]
[Round "?"]
[White "Hossa"]
[Black "Amateur"]
[Result "0-1"]
[WhiteElo "2524"]
[BlackElo "2415"]
[PlyCount "152"]

1. e4 c5 2. c3 Nf6 3. e5 Nd5 4. d4 cxd4 5. cxd4 Qa5+ 6. Nd2 d6 7. exd6 Nb4 8.
dxe7 Bxe7 9. f3 Bf5 10. Kf2 Bc2 11. Qe1 N8c6 12. Qe3 Nd5 13. Qe1 Nxd4 14. Bc4
Qc5 15. b4 Nxb4 16. Qe3 Nf5 17. Qxc5 Bxc5+ 18. Ke2 Bd4 19. Ba3 Bxa1 20. Bxb4
O-O-O 21. Bxf7 Rd7 22. Nb3 Bd4 23. Be6 Re8 24. Kd2 Rxe6 25. Kxc2 Bb6 26. Kb2
Rd5 27. Nh3 Re2+ 28. Kb1 Bc7 29. g4 Nh4 30. Rc1 Kb8 31. Ng1 Rxh2 32. Bc3 g5 33.
Bd4 Rg2 34. Rf1 Bh2 35. Nh3 Rg3 36. Rd1 Rxh3 37. Bxa7+ Kxa7 38. Rxd5 Nxf3 39.
Nc5 Ne5 40. Rd4 Rg3 41. Rb4 b6 42. Ra4+ Kb8 43. Rb4 Rg1+ 44. Kc2 Rg2+ 45. Kc3
Rg3+ 46. Kc2 Nxg4 47. Rxb6+ Kc7 48. Re6 h5 49. Rg6 Ne3+ 50. Kd2 g4 51. Rh6 Nc4+
52. Kc2 Rh3 53. Ne6+ Kd7 54. Ng5 Na3+ 55. Kd1 Rh4 56. Ne4 g3 57. Rh7+ Ke6 58.
Ng5+ Kf6 59. Nf3 g2 60. Rh6+ Kf7 61. Rh7+ Kf8 62. Ra7 Nb5 63. Ra8+ Kf7 64. Ra5
Rf4 65. Ng5+ Ke7 66. Nh3 Rh4 67. Rxb5 Rxh3 68. Rg5 Bg3 69. Kc2 g1=Q 70. Rg7+
Kf6 71. Rd7 Qc5+ 72. Kd1 Qc4 73. Rf7+ Kxf7 74. Kd2 Rh2+ 75. Ke3 Re2+ 76. Kf3
Qg4# 0-1

[Event "ICS rated blitz match"]
[Site "204.178.125.65"]
[Date "1999.12.08"]
[Round "?"]
[White "Hossa"]
[Black "darthweber"]
[Result "1-0"]
[WhiteElo "2514"]
[BlackElo "2198"]
[PlyCount "95"]

1. d4 Nf6 2. c4 g6 3. Nc3 Bg7 4. e4 d6 5. f3 O-O 6. Bg5 c5 7. d5 e6 8. Qd2 exd5
9. Nxd5 Nc6 10. O-O-O Be6 11. Nxf6+ Bxf6 12. h4 Qe7 13. Bxf6 Qxf6 14. h5 Rfd8
15. hxg6 fxg6 16. Qh6 Qg7 17. Qh2 Nd4 18. Kb1 Rab8 19. Rd2 b5 20. cxb5 Nxb5 21.
Bxb5 Rxb5 22. g3 Rdb8 23. g4 a5 24. Nh3 a4 25. Ng5 a3 26. Qxh7+ Qxh7 27. Rxh7
Rxb2+ 28. Rxb2 Rxb2+ 29. Kc1 Bxa2 30. Rd7 Bb3 31. Rb7 Rc2+ 32. Kd1 a2 33. Rxb3
Rg2 34. Rb8+ Kg7 35. Ra8 Rg1+ 36. Ke2 a1=Q 37. Rxa1 Rxa1 38. e5 dxe5 39. Ne6+
Kf6 40. Nxc5 Ra3 41. Nd7+ Ke6 42. Nf8+ Kf7 43. Nh7 Ra5 44. Ke3 Ra4 45. Ng5+ Kf6
46. Ne4+ Ke6 47. Nc5+ Kd5 48. Nxa4 1-0

[Event "ICS rated standard match"]
[Site "204.178.125.65"]
[Date "1999.12.08"]
[Round "?"]
[White "Hossa"]
[Black "oso2"]
[Result "0-1"]
[WhiteElo "2213"]
[BlackElo "2521"]
[PlyCount "41"]

1. d4 Nf6 2. c4 e6 3. Nf3 c5 4. d5 exd5 5. cxd5 d6 6. e4 g6 7. Bd3 Bg7 8. O-O
O-O 9. Bg5 h6 10. Bh4 g5 11. Bg3 Nxe4 12. Qc2 Nxg3 13. fxg3 Qb6 14. Bh7+ Kh8
15. Nc3 Na6 16. Ne1 Nb4 17. Qe4 f5 18. Qf3 Kxh7 19. Kh1 Qa6 20. Rf2 g4 21. Qf4
0-1

[Event "ICS rated blitz match"]
[Site "204.178.125.65"]
[Date "1999.12.08"]
[Round "?"]
[White "Hossa"]
[Black "Beadle"]
[Result "0-1"]
[WhiteElo "2522"]
[BlackElo "2653"]
[PlyCount "110"]

1. d4 Nf6 2. c4 e6 3. Nf3 b6 4. a3 Ba6 5. Nbd2 Bb7 6. e3 Bd6 7. Bd3 Bxf3 8.
Nxf3 Nc6 9. b4 O-O 10. b5 Na5 11. e4 Be7 12. Qc2 Ne8 13. O-O Kh8 14. Be3 a6 15.
bxa6 Rxa6 16. c5 Ra8 17. cxb6 cxb6 18. Rfc1 Nf6 19. Bf4 Nc6 20. Qb2 Ra5 21. Bd2
Ra7 22. Bg5 h6 23. Bf4 Nh5 24. Be3 Qa8 25. Rc3 Nf6 26. Bb1 Ra5 27. Qxb6 Bxa3
28. Qb3 Rb8 29. Qc2 Rb2 30. Qd3 Bb4 31. Rc2 Rxa1 32. Rxb2 Qa4 33. e5 Ra3 34.
Qe2 Nd5 35. Bc1 Nc3 36. Qf1 Ra1 37. Bd2 Nxb1 38. Rxb1 Rxb1 39. Qxb1 Bxd2 40.
Nxd2 Qxd4 41. Nf3 Qf4 42. h4 g5 43. hxg5 hxg5 44. Qb7 Qc1+ 45. Kh2 g4 46. Nh4
Qf4+ 47. Kg1 Nxe5 48. Qb8+ Kg7 49. Qd8 g3 50. fxg3 Qc1+ 51. Kf2 Qd2+ 52. Kg1
Qe1+ 53. Kh2 Ng4+ 54. Kh3 Nf2+ 55. Kh2 Qh1# 0-1

[Event "ICS rated blitz match"]
[Site "204.178.125.65"]
[Date "1999.12.08"]
[Round "?"]
[White "Beadle"]
[Black "Hossa"]
[Result "0-1"]
[WhiteElo "2663"]
[BlackElo "2512"]
[PlyCount "146"]

1. d4 Nf6 2. c4 e6 3. Nc3 d5 4. Nf3 Bb4 5. Bg5 Nbd7 6. e3 c5 7. Qa4 O-O 8. Bd3
h6 9. Bxf6 Nxf6 10. dxc5 Bxc5 11. O-O Bd7 12. Qc2 dxc4 13. Bxc4 Rc8 14. Qb3 Qb6
15. Qxb6 Bxb6 16. Ne5 Rfd8 17. Rad1 Be8 18. Be2 Bc7 19. f4 Rxd1 20. Rxd1 Ba5
21. Rd3 b5 22. Bf3 b4 23. Nd1 Rc1 24. a3 bxa3 25. Rxa3 Bb6 26. Kf2 Nd5 27. Bxd5
exd5 28. Rd3 f6 29. Nf3 Bf7 30. Kg3 Ba5 31. Nc3 Bxc3 32. bxc3 a5 33. Nd4 a4 34.
Nc6 a3 35. Nb4 d4 36. exd4 a2 37. Nxa2 Bxa2 38. d5 Kf7 39. d6 Ke8 40. Kg4 Kd7
41. f5 Bb1 42. Rg3 Rf1 43. Kh4 Rf4+ 44. Kh5 Rxf5+ 45. Kg6 Rg5+ 46. Kf7 Ba2+ 47.
Kf8 Kxd6 48. Rxg5 hxg5 49. Kxg7 Ke5 50. Kg6 Bc4 51. g3 g4 52. Kh5 f5 53. Kh4
Be2 54. h3 Kd5 55. hxg4 Bxg4 56. Kg5 Kc4 57. Kf4 Kxc3 58. Ke3 Kc4 59. Kf2 Kd4
60. Kf1 Ke3 61. Kg2 Ke2 62. Kg1 Kf3 63. Kf1 Kxg3 64. Ke1 f4 65. Kd2 f3 66. Kd3
f2 67. Kd4 Kf4 68. Kc5 Ke5 69. Kb4 f1=Q 70. Kc3 Qb5 71. Kc2 Kd4 72. Kc1 Qb3 73.
Kd2 Qc3# 0-1

[Event "ICS rated blitz match"]
[Site "204.178.125.65"]
[Date "1999.12.08"]
[Round "?"]
[White "Hossa"]
[Black "PostModernist"]
[Result "0-1"]
[WhiteElo "2535"]
[BlackElo "2670"]
[PlyCount "120"]

1. d4 Nf6 2. c4 e6 3. Nf3 b6 4. a3 Bb7 5. Nc3 d5 6. cxd5 Nxd5 7. Qc2 Nxc3 8.
bxc3 c5 9. e4 Nd7 10. Bc4 cxd4 11. cxd4 Rc8 12. Nd2 Bd6 13. Qa4 a6 14. Bd3 b5
15. Qd1 e5 16. d5 Nc5 17. Bc2 O-O 18. O-O f5 19. f3 Qf6 20. Bb2 fxe4 21. fxe4
Qg5 22. Qe2 Nd7 23. Rxf8+ Bxf8 24. Nb3 Qg6 25. Rc1 Be7 26. Bd3 Rxc1+ 27. Bxc1
Nc5 28. Nxc5 Bxc5+ 29. Kh1 Qd6 30. Qb2 g6 31. Qb3 Qf8 32. Be2 Qf2 33. Qd1 h5
34. Bb2 Bd4 35. Bc1 Qh4 36. Bd3 Kg7 37. Qf1 Qf6 38. Bh6+ Kf7 39. Qd1 Qf2 40.
Bg5 Bc5 41. Bc1 Kg8 42. Bc2 a5 43. Bb2 Bd6 44. Qc1 Kg7 45. Bb3 h4 46. Ba2 h3
47. gxh3 Bc8 48. Qg1 Qxb2 49. Qa7+ Kf6 50. Qb6 Qa1+ 51. Qg1 Qxa2 52. Qf1+ Kg7
53. h4 Qc2 54. h3 Qxe4+ 55. Kg1 Qxd5 56. a4 Bb7 57. h5 Qh1+ 58. Kf2 Qf3+ 59.
Kg1 Qg3+ 60. Qg2 Qxg2# 0-1

[Event "ICS rated blitz match"]
[Site "204.178.125.65"]
[Date "1999.12.08"]
[Round "?"]
[White "Malignus"]
[Black "Hossa"]
[Result "0-1"]
[WhiteElo "2409"]
[BlackElo "2525"]
[PlyCount "48"]

1. e4 c5 2. Nf3 d6 3. d4 Nf6 4. Nc3 cxd4 5. Qxd4 a6 6. Bg5 Nc6 7. Qe3 h6 8.
Bxf6 gxf6 9. Be2 Bg7 10. O-O Rg8 11. Rad1 Bd7 12. Nd4 Nxd4 13. Rxd4 Bc6 14. f4
f5 15. Rd2 Bxc3 16. Qxc3 Qb6+ 17. Kh1 fxe4 18. Bh5 e3 19. Re2 Qb5 20. Qxe3
Bxg2+ 21. Kg1 Bf3+ 22. Kf2 Qxe2+ 23. Qxe2 Bxe2 24. Bxe2 Rc8 0-1

[Event "ICS rated blitz match"]
[Site "204.178.125.65"]
[Date "1999.12.08"]
[Round "?"]
[White "Hossa"]
[Black "Malignus"]
[Result "1/2-1/2"]
[WhiteElo "2536"]
[BlackElo "2384"]
[PlyCount "143"]

1. d4 Nf6 2. c4 g6 3. Nc3 Bg7 4. e4 O-O 5. Bd3 d6 6. Nf3 c5 7. dxc5 dxc5 8. a3
Nc6 9. Bf4 Bg4 10. h3 Bxf3 11. gxf3 e5 12. Bg5 h6 13. Be3 Nh5 14. Bxc5 Nd4 15.
Bxf8 Bxf8 16. Nd5 a5 17. Rg1 Kh7 18. Rg4 Bc5 19. Be2 Ne6 20. Qb3 a4 21. Qxb7
Kg7 22. b4 axb3 23. Qxb3 Nd4 24. Qc3 Rb8 25. a4 Rb3 26. Qd2 Qb8 27. Bd1 Rxf3
28. h4 Rh3 29. Rg1 Nf4 30. Nxf4 exf4 31. Kf1 f3 32. Qc3 Qc8 33. h5 Rxh5 34. Rb1
Qh3+ 35. Ke1 Qg2 36. Rxg2 fxg2 37. Qg3 Rh1+ 38. Kd2 g1=Q 39. Qe5+ Kh7 40. Qf6
Ne6 41. Qxf7+ Ng7 42. Bc2 Qxb1 43. Bxb1 Rxb1 44. f4 Ra1 45. Qd5 Bb4+ 46. Kc2
Rh1 47. Kb3 Be1 48. c5 Rh3+ 49. Kc4 Rc3+ 50. Kb5 Bf2 51. c6 Rc5+ 52. Qxc5 Bxc5
53. Kxc5 h5 54. c7 Ne6+ 55. Kd6 Nxc7 56. Kxc7 h4 57. e5 h3 58. e6 h2 59. e7
h1=Q 60. e8=Q Qc1+ 61. Kb6 Qxf4 62. Qd7+ Kh6 63. Qh3+ Kg5 64. a5 Qb4+ 65. Ka6
Qc4+ 66. Ka7 Qc5+ 67. Ka6 Qc6+ 68. Ka7 Qc5+ 69. Ka6 Qc6+ 70. Ka7 Qc5+ 71. Ka6
Qc6+ 72. Ka7 1/2-1/2

[Event "ICS rated blitz match"]
[Site "204.178.125.65"]
[Date "1999.12.08"]
[Round "?"]
[White "lakerda"]
[Black "Hossa"]
[Result "0-1"]
[WhiteElo "2206"]
[BlackElo "2529"]
[PlyCount "78"]

1. d4 Nf6 2. Nf3 e6 3. e3 b6 4. Bd3 Bb7 5. Nbd2 d5 6. O-O c5 7. c3 Bd6 8. Ne5
O-O 9. f4 Ba6 10. Bxa6 Nxa6 11. Qf3 Rc8 12. g4 b5 13. g5 Nd7 14. Qh5 cxd4 15.
exd4 b4 16. Rf2 bxc3 17. Nf1 cxb2 18. Bxb2 Nb4 19. Rf3 Rc2 20. Rh3 h6 21. gxh6
Nf6 22. Qg5 g6 23. Nxg6 Kh7 24. Nxf8+ Qxf8 25. Qxf6 Be7 26. Qg7+ Qxg7+ 27.
hxg7+ Kxg7 28. Ba3 Kf6 29. Bxb4 Bxb4 30. Rb1 Ba5 31. a3 Bb6 32. Rd1 Bc7 33. Rf3
Kf5 34. Ng3+ Kg4 35. Rdf1 Bb6 36. Rd1 Kxf3 37. f5 e5 38. Rf1+ Kg4 39. Kh1 Kh3
0-1

[Event "ICS rated blitz match"]
[Site "204.178.125.65"]
[Date "1999.12.08"]
[Round "?"]
[White "Hossa"]
[Black "EXchess"]
[Result "1/2-1/2"]
[WhiteElo "2533"]
[BlackElo "2522"]
[PlyCount "79"]

1. d4 Nf6 2. c4 g6 3. Nc3 Bg7 4. e4 d6 5. f3 O-O 6. Bg5 c5 7. d5 e6 8. Qd2 exd5
9. Nxd5 Be6 10. Nxf6+ Bxf6 11. h4 Nd7 12. O-O-O Nb6 13. b3 Bxg5 14. hxg5 Qe7
15. Qf4 Nc8 16. Qh4 f6 17. gxf6 Rxf6 18. Ne2 Qg7 19. Kb1 Bf7 20. f4 Nb6 21. g4
Be8 22. g5 Re6 23. f5 gxf5 24. exf5 Re5 25. g6 hxg6 26. Ng3 gxf5 27. Bd3 Bg6
28. Qf4 Rf8 29. Rdg1 Re6 30. Nxf5 Rxf5 31. Bxf5 Rf6 32. Rg5 Rxf5 33. Rxf5 Qd4
34. Qf3 Nd7 35. Rhh5 Ne5 36. Qg2 Qd1+ 37. Kb2 Qd4+ 38. Kb1 Qd1+ 39. Kb2 Qd4+
40. Kb1 1/2-1/2

[Event "ICS rated blitz match"]
[Site "204.178.125.65"]
[Date "1999.12.08"]
[Round "?"]
[White "counterplay"]
[Black "Hossa"]
[Result "1-0"]
[WhiteElo "2645"]
[BlackElo "2532"]
[PlyCount "115"]

1. d4 Nf6 2. c4 e6 3. Nf3 b6 4. g3 Bb7 5. Bg2 Be7 6. Nc3 O-O 7. O-O d6 8. Qc2
c5 9. dxc5 bxc5 10. e4 Nc6 11. Rd1 Qb6 12. Bf4 Rfd8 13. b3 Ng4 14. Rac1 Nge5
15. Nxe5 dxe5 16. Be3 Nd4 17. Qb2 Bd6 18. Rd3 Rd7 19. Rcd1 Rad8 20. Kh1 Qb4 21.
f3 a6 22. Bg5 f6 23. Bd2 Qb6 24. Be3 Qc6 25. Qf2 Ba8 26. Ne2 Nc2 27. Bh3 Re8
28. Nc3 Nxe3 29. Qxe3 Kf7 30. Bg4 Rb8 31. Na4 Rbd8 32. Kg2 h6 33. R3d2 Re7 34.
Bh5+ Kg8 35. Nxc5 Kh7 36. Nxa6 Qxa6 37. c5 Bxc5 38. Qxc5 Rxd2+ 39. Rxd2 Qb7 40.
Rd8 Rd7 41. Rxd7 Qxd7 42. Qf8 Qa7 43. Bf7 Qxf7 44. Qxf7 Bc6 45. Qxe6 Bb5 46. a4
Bd3 47. b4 h5 48. b5 f5 49. Qxf5+ Kg8 50. Qc8+ Kh7 51. b6 h4 52. b7 hxg3 53.
b8=Q Bf1+ 54. Kxf1 g2+ 55. Kxg2 Kh6 56. Qg4 g5 57. Qh8+ Kg6 58. Qgh5# 1-0

[Event "ICS rated blitz match"]
[Site "204.178.125.65"]
[Date "1999.12.09"]
[Round "?"]
[White "Hossa"]
[Black "SuperChicken"]
[Result "0-1"]
[WhiteElo "2521"]
[BlackElo "2642"]
[PlyCount "102"]

1. d4 Nf6 2. c4 e6 3. Nf3 b6 4. g3 Ba6 5. b3 Bb4+ 6. Bd2 Be7 7. Bg2 c6 8. Nc3
d5 9. cxd5 cxd5 10. Ne5 O-O 11. O-O Nfd7 12. f4 Nxe5 13. fxe5 Nc6 14. Rf4 g5
15. Rf2 Nxd4 16. e4 Bc5 17. b4 Bxb4 18. exd5 Bc5 19. Be3 Nb5 20. Bxc5 Nxc3 21.
Qc2 bxc5 22. Qxc3 exd5 23. Qxc5 Bc4 24. Rd1 Qb6 25. Qe7 h6 26. Bxd5 Rad8 27.
Bf3 Rxd1+ 28. Bxd1 Bxa2 29. Bf3 Bc4 30. Be4 Rd8 31. Kg2 a5 32. Bf3 a4 33. Bh5
Qc6+ 34. Kg1 Rd7 35. Qb4 Rb7 36. Qe1 Qc5 37. Qc1 a3 38. e6 Rb2 39. Qe1 Rxf2 40.
Qxf2 Qxf2+ 41. Kxf2 Bxe6 42. Bf3 a2 43. g4 a1=Q 44. Kg2 Bc4 45. Bc6 Qf1+ 46.
Kg3 Qe1+ 47. Kf3 Bf1 48. h4 Qd2 49. hxg5 hxg5 50. Ke4 Bg2+ 51. Ke5 Qf4# 0-1

[Event "ICS rated blitz match"]
[Site "204.178.125.65"]
[Date "1999.12.09"]
[Round "?"]
[White "Hossa"]
[Black "R-172"]
[Result "1-0"]
[WhiteElo "2510"]
[BlackElo "2193"]
[PlyCount "77"]

1. d4 Nf6 2. c4 e6 3. Nc3 Bb4 4. Qc2 O-O 5. a3 Bxc3+ 6. Qxc3 b6 7. Bg5 d6 8. e4
Nxe4 9. Bxd8 Nxc3 10. Bxc7 Na4 11. b3 Na6 12. Bxd6 Rd8 13. Bf4 Nc3 14. f3 f6
15. Bd2 Rxd4 16. Bxc3 Rd7 17. Rd1 Nc5 18. b4 Rxd1+ 19. Kxd1 Na4 20. Kc2 Bd7 21.
Bd3 Rc8 22. Ne2 e5 23. Bd2 b5 24. c5 a6 25. Nc3 Nxc3 26. Bxc3 Bc6 27. Rd1 Kf7
28. Bf5 Rc7 29. Kb3 g6 30. Be4 Bd7 31. Bd5+ Ke7 32. h4 h5 33. Be4 Be6+ 34. Kc2
Bf7 35. Rd6 a5 36. Bd5 axb4 37. axb4 Be8 38. Re6+ Kd7 39. Rxf6 1-0

[Event "ICS rated blitz match"]
[Site "204.178.125.65"]
[Date "1999.12.09"]
[Round "?"]
[White "HelterSkelter"]
[Black "Hossa"]
[Result "1-0"]
[WhiteElo "2541"]
[BlackElo "2514"]
[PlyCount "147"]

1. e4 c5 2. Nf3 d6 3. d4 Nf6 4. Nc3 cxd4 5. Nxd4 Nc6 6. Bg5 Bd7 7. Qd2 Rc8 8.
O-O-O Nxd4 9. Qxd4 Qb6 10. Qxb6 axb6 11. Be3 b5 12. a3 b4 13. axb4 Ra8 14. Kd2
g6 15. Bd3 Bg7 16. Ra1 O-O 17. Rxa8 Rxa8 18. f3 h6 19. Bc4 Kf8 20. Rd1 Bc6 21.
b5 Be8 22. Ke2 Rc8 23. Bb3 Ra8 24. h4 Ra5 25. Bc4 Ra8 26. b6 Bc6 27. g3 Nd7 28.
Nd5 Rc8 29. Nc7 Bxb2 30. Bxh6+ Kg8 31. Be3 Bf6 32. Bd5 Bxd5 33. Rxd5 Bc3 34. h5
gxh5 35. Rg5+ Kh7 36. Nd5 Bf6 37. Rxh5+ Kg6 38. Rh6+ Kg7 39. c3 Ra8 40. g4 Ra2+
41. Kd1 e6 42. Nxf6 Nxf6 43. g5 Ng8 44. Rh4 Ne7 45. f4 Kg8 46. Rh6 Nc6 47. f5
exf5 48. exf5 Ne5 49. Rxd6 Ra1+ 50. Ke2 Ra2+ 51. Rd2 Rxd2+ 52. Bxd2 Nc4 53. Be3
Nd6 54. f6 Kh7 55. Kd3 Kg6 56. c4 Nc8 57. c5 Kf5 58. Bf4 Kg6 59. Ke4 Kh7 60. c6
Nxb6 61. cxb7 Nd7 62. Kd5 Kg6 63. Kc6 Nf8 64. b8=Q Ne6 65. Qb1+ Kh5 66. g6 fxg6
67. Qd1+ Kh4 68. Qe1+ Kg4 69. Qxe6+ Kf3 70. Qe3+ Kg4 71. f7 g5 72. f8=Q Kh4 73.
Qh8+ Kg4 74. Qhh3# 1-0

[Event "ICS rated blitz match"]
[Site "204.178.125.65"]
[Date "1999.12.09"]
[Round "?"]
[White "Hossa"]
[Black "MissSilicon"]
[Result "0-1"]
[WhiteElo "2499"]
[BlackElo "2691"]
[PlyCount "106"]

1. e4 e5 2. Nf3 Nc6 3. Bb5 Bc5 4. O-O Nd4 5. Nxd4 Bxd4 6. c3 Bb6 7. d4 exd4 8.
cxd4 c6 9. Bc4 Ne7 10. Nc3 O-O 11. Bg5 h6 12. Bh4 d5 13. Bxe7 Qxe7 14. exd5 Qb4
15. Qd3 Qxb2 16. Rab1 Qa3 17. Rfc1 cxd5 18. Bxd5 Re8 19. Re1 Re7 20. Qd2 Be6
21. Bxe6 fxe6 22. Rb3 Qd6 23. Ne4 Qxd4 24. Rd3 Qa4 25. Re2 Rc8 26. Nd6 Rc6 27.
Kh1 Rec7 28. Re1 Rc2 29. Qd1 Bxf2 30. Rf1 Rxa2 31. Qf3 Qb4 32. Rdd1 Rd7 33.
Rxf2 Rxf2 34. Qxf2 Rxd6 35. Rxd6 Qxd6 36. Qxa7 Qd1+ 37. Qg1 Qxg1+ 38. Kxg1 Kf7
39. Kf2 e5 40. Ke3 Ke6 41. Kd3 Kd5 42. g4 e4+ 43. Kc3 b5 44. Kb3 e3 45. Kc2 Kc4
46. Kd1 Kd3 47. h4 b4 48. Kc1 e2 49. Kb2 Kc4 50. Kc2 e1=Q 51. Kb2 Qf2+ 52. Kc1
Kc3 53. g5 Qg1# 0-1

[Event "ICS rated blitz match"]
[Site "204.178.125.65"]
[Date "1999.12.09"]
[Round "?"]
[White "MissSilicon"]
[Black "Hossa"]
[Result "1-0"]
[WhiteElo "2698"]
[BlackElo "2491"]
[PlyCount "123"]

1. e4 e5 2. Nf3 Nc6 3. Bb5 a6 4. Ba4 Nf6 5. O-O Be7 6. Bxc6 dxc6 7. d3 Qd6 8.
Nbd2 Be6 9. Qe2 O-O 10. d4 Bg4 11. dxe5 Qxe5 12. Nxe5 Bxe2 13. Re1 Bh5 14. Ndc4
Rad8 15. Bg5 Rfe8 16. f3 Bb4 17. Rf1 Bc5+ 18. Kh1 b5 19. Nxc6 bxc4 20. Nxd8
Rxd8 21. h4 h6 22. Bxf6 gxf6 23. Rfd1 Rd6 24. g4 Bg6 25. h5 Bh7 26. Kg2 Bd4 27.
c3 Be5 28. Rxd6 cxd6 29. Rd1 Kf8 30. Rd5 Bf4 31. Ra5 Bc1 32. b3 cxb3 33. axb3
Bd2 34. Rxa6 Bxc3 35. Rxd6 Kg7 36. Rc6 Bd2 37. Rc4 Ba5 38. b4 Bb6 39. Rc6 Ba7
40. b5 Bb8 41. b6 Be5 42. b7 Bf4 43. Rc5 Bd6 44. Rd5 Bc7 45. Rd8 Bxd8 46. b8=Q
Ba5 47. e5 f5 48. Qb7 fxg4 49. e6 Bb4 50. Qxf7+ Kh8 51. Qf6+ Kg8 52. Qd8+ Kg7
53. Qd4+ Kf8 54. Qxb4+ Kg8 55. Qb8+ Kg7 56. e7 gxf3+ 57. Kxf3 Bg8 58. Qe5+ Kh7
59. Qe4+ Kh8 60. e8=Q Kg7 61. Q4g6+ Kh8 62. Qexg8# 1-0